Adaptivnyje ekonometričeskije modeli

Enregistré dans:
Détails bibliographiques
Auteur principal: Levickij, Jefim Moisejevič
Format: Livre
Langue:russe
Publié: Novosibirsk Nauka 1981
Tags: Ajouter un tag
Pas de tags, Soyez le premier à ajouter un tag!

MARC

LEADER 00000nam a2200000 4500
001 c129103
005 20041019155245.4
041 0 |a rus 
044 |a RU 
245 1 0 |a Adaptivnyje ekonometričeskije modeli  |c Jefim Moisejevič Levickij 
264 1 |a Novosibirsk  |b Nauka  |c 1981 
300 |a 220 s. 
100 1 |a Levickij, Jefim Moisejevič